Music Quiz

Random Music or Song Quiz

Finish the Beatles Song Title Quiz Stats

 Plays Quiz Updated Dec 9, 2016

Challenge
Share
Tweet
Embed
Score 0/30 Timer 05:00
23 Plays Today
Start of title Rest of title % Correct
Lucy in the...Sky With Diamonds
95.4%
Can't Buy...Me Love
92.6%
Strawberry...Fields Forever
92.4%
A Hard...Day's Night
91.7%
Ticket...to Ride
89.6%
I Saw Her...Standing There
89.2%
Sgt. Pepper's...Lonely Hearts Club Band
89%
Eight Days...a Week
88.6%
With a Little...Help From My Friends
87.3%
While My Guitar...Gently Weeps
85.1%
The Long and...Winding Road
82.6%
A Day...in the Life
78.6%
Back in...the U.S.S.R.
77.7%
All You...Need Is Love
77%
Magical...Mystery Tour
77%
Start of title Rest of title % Correct
I Am...the Walrus
75.7%
I Want to...Hold Your Hand
71.9%
We Can...Work It Out
70.2%
And I...Love Her
57.3%
Got to Get...You Into My Life
56.6%
Happiness Is...a Warm Gun
56.1%
Being for the
Benefit...
of Mr. Kite!
54.2%
The Ballad of...John and Yoko
54.1%
Within You...Without You
54%
You've Got to...Hide Your Love Away
45%
And Your Bird...Can Sing
38.5%
I'm Looking...Through You
37.6%
She Said...She Said
34.9%
Do You Want to...Know a Secret
33.2%
Everybody's Got Something to Hide...Except Me and My Monkey
29.3%

You're not logged in!

Compare scores with friends on all Sporcle quizzes.
OR
Log In

You Might Also Like...

Show Comments

Extras

Top Quizzes Today


Score Distribution

Your Account Isn't Verified!

In order to create a playlist on Sporcle, you need to verify the email address you used during registration. Go to your Sporcle Settings to finish the process.

Report this User

Report this user for behavior that violates our Community Guidelines.

Details: